Ngày mai không hẹn trước : 204 rosewood lane

Saved in:
Bibliographic Details
Main Author: Macomber, Debbie
Format: Book
Language:Undetermined
Subjects:
Tags: Add Tag
No Tags, Be the first to tag this record!
Institutions: Trung tâm Học liệu Trường Đại học Cần Thơ
LEADER 00519nam a2200181Ia 4500
001 CTU_181111
008 210402s9999 xx 000 0 und d
020 |c 50000 
082 |a 813.54 
082 |b M171 
100 |a Macomber, Debbie 
245 0 |a Ngày mai không hẹn trước : 
245 0 |b 204 rosewood lane 
245 0 |c Debbie Macomber ; Việt Anh dịch 
650 |a Women,Phụ nữ 
650 |z Washington (State) 
904 |i Hải 
980 |a Trung tâm Học liệu Trường Đại học Cần Thơ